|
|
|
|
| LEADER |
00582nam a22001457a 4500 |
| 008 |
171208b xxu||||| |||| 00| 0 san d |
| 082 |
|
|
|a 294.5924, MIS/S
|
| 100 |
|
|
|a Misra, Vamsidhara.
|
| 245 |
|
|
|a Srimadbhagavadgita :
|b with commentary vamsi /
|c Vamsidhara Misra
|
| 260 |
|
|
|a Varanasi :
|b Sampurnanand Sanskrit University ,
|c 1990.
|
| 300 |
|
|
|a 464p.
|
| 490 |
|
|
|a Sarasvtibhavana Granthavali.
|v 126.
|
| 942 |
|
|
|c BK
|
| 999 |
|
|
|c 251785
|d 251785
|
| 952 |
|
|
|0 0
|1 0
|4 0
|6 294_000000000000000_5924_MIS_S
|7 0
|9 280430
|a SAN
|b SAN
|c 14
|d 2017-12-08
|g 96.00
|i 6742
|l 0
|o 294.5924, MIS/S
|p SAN6742
|r 2017-12-08
|w 2017-12-08
|y BK
|